000 00562nam a2200121Ia 4500
008 220615s9999||||xx |||||||||||||| ||und||
100 _aPaquet, Gilles
245 0 _aGovernance Through Social Learning
546 _aEnglish[eng]
650 _agovernance||Canada||Free trade||Observational learning||Social science||United States
856 _uhttps://library.oapen.org/bitstream/20.500.12657/32991/1/578818.pdf||https://library.oapen.org/bitstream/20.500.12657/32991/1/578818.pdf||https://library.oapen.org/bitstream/20.500.12657/32991/1/578818.pdf
942 _cEB
999 _c13895
_d13895